Metódy stanovenia hodnoty podniku orientované na toky bakalárska práca

Gespeichert in:
Bibliographische Detailangaben
1. Verfasser: Béreš, Marcel
Körperschaft: Podnikovohospodárska fakulta EU so sídlom v Košiciach. Katedra účtovníctva a financií
Weitere Verfasser: Freňáková, Magdaléna, 1981-
Format: Buch
Sprache:Slowakisch
Veröffentlicht: Košice 2013
Tags: Tag hinzufügen
Keine Tags, Fügen Sie das erste Tag hinzu!

MARC

LEADER 00000nbm a2200000 4500
001 0172241
005 20161109112038.1
041 0 |a slo 
044 |a SK 
245 1 0 |a Metódy stanovenia hodnoty podniku orientované na toky  |b bakalárska práca  |c Marcel Béreš ; školiteľ: Magdaléna Freňáková 
264 1 |a Košice  |c 2013 
300 |a 51 s. 
100 1 |a Béreš, Marcel 
700 1 |a Freňáková, Magdaléna, 1981- 
710 2 |a Podnikovohospodárska fakulta EU so sídlom v Košiciach. Katedra účtovníctva a financií